000 00958nam a2200253Ia 4500
003 OSt
005 20220923215250.0
006 a|||||r|||| 00| 0
007 ta
008 220922b |||||||| |||| 00| 0 hin d
024 _a177,234
037 _cTextual
040 _aARTS
_cARTS
_bhin
041 _2hin
_ahin
082 _aO152,1(/\25):g, M3
100 _aचतुर्वेदी, रधुनाथ प्रसाद
_9158744
245 0 _aमध्युगीन भक्तिकाव्य में गुरू का स्वरूप
246 _aMadhyugīn bhaktikāvya mean gurū kā svarūpa
260 _aइलाहाबाद
_b अभिनव भारती
_c1983
300 _a375 पृ.
_ccm.
650 _aहिन्दी साहित्य
_9156264
942 _hO152,1(/\25):g, M3
_cTEXL
_2CC
999 _c330622
_d330622